000 00426nam a22001697a 4500
003 MPLRDC
005 20220104124453.0
008 210129b ||||| |||| 00| 0 eng d
082 _a859.3 QETH v.23
100 _a詹言讷总编辑
245 _a人鱼公主
_c
260 _a
_b大千出版事业公司
_c1988
300 _b
490 _a企鹅童话读本;23
650 _a儿童故事
942 _cBK
_o859.3 QETH v.23
999 _c19587
_d19577